000 00511nam a22002177a 4500
003 UA-OsUOA
001 80689
007 ta
008 20111222b un ||||| |||| 00| 0 ukr d
100 _aСен А.
090 _a330
_bС31
942 _cSA
040 _aUA-OsUOA
_brus
_cUA-OsUOA
_dUA-OsUOA
245 _aАдам Смит и современность
300 _aС.25-38
955 _a0
041 _arus
080 _a330
773 0 _w80688
650 7 _a330 Економіка взагалі
_2UDC
999 _c366997
_d366997